Competing Visions of World Order : (Record no. 14869)
[ view plain ]
| 000 -LEADER | |
|---|---|
| fixed length control field | 01695cam a2200349 a 4500 |
| 001 - CONTROL NUMBER | |
| control field | 14516062 |
| 005 - DATE AND TIME OF LATEST TRANSACTION | |
| control field | 20081112124601.0 |
| 008 - FIXED-LENGTH DATA ELEMENTS--GENERAL INFORMATION | |
| fixed length control field | 060824s2007 nyua b 001 0 eng |
| 010 ## - LIBRARY OF CONGRESS CONTROL NUMBER | |
| LC control number | 2006051381 |
| 020 ## - INTERNATIONAL STANDARD BOOK NUMBER | |
| International Standard Book Number | 140397988X (alk. paper) |
| 020 ## - INTERNATIONAL STANDARD BOOK NUMBER | |
| International Standard Book Number | 9781403979889 |
| 040 ## - CATALOGING SOURCE | |
| Original cataloging agency | DLC |
| Transcribing agency | DLC |
| Modifying agency | DLC |
| 050 00 - LIBRARY OF CONGRESS CALL NUMBER | |
| Classification number | D395 |
| Item number | .C595 2007 |
| 082 00 - DEWEY DECIMAL CLASSIFICATION NUMBER | |
| Classification number | 327.09034 |
| Edition number | 22 |
| Item number | COM |
| 245 00 - TITLE STATEMENT | |
| Title | Competing Visions of World Order : |
| Remainder of title | Global Moments and Movements, 1880s-1930s / |
| Statement of responsibility, etc | Edited by Sebastain Conrad and Dominic Sachsenmaier. |
| 260 ## - PUBLICATION, DISTRIBUTION, ETC. (IMPRINT) | |
| Place of publication, distribution, etc | New York : |
| Name of publisher, distributor, etc | Palgrave, 2007 |
| Date of publication, distribution, etc | 2007. |
| 300 ## - PHYSICAL DESCRIPTION | |
| Extent | x, 266 p. : |
| Other physical details | ill. ; |
| Dimensions | 22 cm. |
| 490 0# - Series Statement | |
| Series statement | The Palgrave series in transnational history |
| -- | 21446 |
| 504 ## - BIBLIOGRAPHY, ETC. NOTE | |
| Bibliography, etc | Includes bibliographical references and index. |
| 650 #0 - SUBJECT ADDED ENTRY--TOPICAL TERM | |
| Topical term or geographic name as entry element | World politics |
| Chronological subdivision | 19th century. |
| 9 (RLIN) | 21447 |
| 650 #0 - SUBJECT ADDED ENTRY--TOPICAL TERM | |
| Topical term or geographic name as entry element | World politics |
| Chronological subdivision | 1900-1945. |
| 9 (RLIN) | 21448 |
| 650 #0 - SUBJECT ADDED ENTRY--TOPICAL TERM | |
| Topical term or geographic name as entry element | International cooperation |
| General subdivision | History |
| Chronological subdivision | 19th century. |
| 9 (RLIN) | 21449 |
| 650 #0 - SUBJECT ADDED ENTRY--TOPICAL TERM | |
| Topical term or geographic name as entry element | International cooperation |
| General subdivision | History |
| Chronological subdivision | 20th century. |
| 9 (RLIN) | 21450 |
| 700 1# - ADDED ENTRY--PERSONAL NAME | |
| Personal name | Conrad, Sebastian. |
| 9 (RLIN) | 21451 |
| 700 1# - ADDED ENTRY--PERSONAL NAME | |
| Personal name | Sachsenmaier, Dominic. |
| 9 (RLIN) | 21452 |
| 856 42 - ELECTRONIC LOCATION AND ACCESS | |
| Materials specified | Contributor biographical information |
| Uniform Resource Identifier | <a href="http://www.loc.gov/catdir/enhancements/fy0704/2006051381-b.html">http://www.loc.gov/catdir/enhancements/fy0704/2006051381-b.html</a> |
| 856 42 - ELECTRONIC LOCATION AND ACCESS | |
| Materials specified | Publisher description |
| Uniform Resource Identifier | <a href="http://www.loc.gov/catdir/enhancements/fy0704/2006051381-d.html">http://www.loc.gov/catdir/enhancements/fy0704/2006051381-d.html</a> |
| 856 41 - ELECTRONIC LOCATION AND ACCESS | |
| Materials specified | Table of contents only |
| Uniform Resource Identifier | <a href="http://www.loc.gov/catdir/enhancements/fy0704/2006051381-t.html">http://www.loc.gov/catdir/enhancements/fy0704/2006051381-t.html</a> |
| 942 ## - ADDED ENTRY ELEMENTS (KOHA) | |
| Source of classification or shelving scheme | Dewey Decimal Classification |
| Item type | Book - Borrowing |
| Withdrawn status | Item status | Source of classification or shelving scheme | Damaged status | Not for loan | Vendor | Home library | Current library | Shelving location | Date acquired | Source of acquisition | Cost, normal purchase price | Serial Enumeration / chronology | Total Checkouts | Total Renewals | Full call number | Barcode | Date last seen | Date last borrowed | Koha item type |
|---|---|---|---|---|---|---|---|---|---|---|---|---|---|---|---|---|---|---|---|
| Dewey Decimal Classification | Baccah | Central Library | Central Library | First floor | 05/12/2010 | 400.00 | 10536 | 1 | 1 | 327.09034 COM | 000022691 | 15/07/2025 | 05/12/2013 | Book - Borrowing |